000 00611cam a22002173a 4500
001 35961
003 PGUSA
005 20140828083755.0
008 110425s2011||||xxu|||||s|||||000 | eng d
040 _aPGUSA
_beng
042 _adc
100 1 _aFarquhar, George,
_d1677-1707
245 1 4 _aThe Inconstant
_h[electronic resource] /
_cGeorge Farquhar
260 _bProject Gutenberg,
_c2011
506 _aPublic domain in the USA.
516 _aElectronic text
700 1 _aInchbald,
_cMrs,
_d1753-1821
830 0 _aProject Gutenberg
_v35961
856 4 0 _uhttp://www.gutenberg.org/ebooks/35961
942 _cEB
999 _c265216
_d265216